000 01085na a2200277 4500
001 22901
003 MIRAKIL
005 20181213154744.0
008 170302b tu 000 0
035 _a20666
040 _aMilas
_btur
_cTR-AnCHP
041 _atur
082 _aCHP 350
_bAvcılar
090 _aCHP 350 Avcılar
091 _aYEREL YÖNETİMLER 3
245 _a[CHP Avcılar ilçe örgütünün çeşitli yazı, program ve faaliyet raporları]
500 _aCHP il ve ilçe örgütlerinin yayınları, programları, ve çeşitli çalışma faaliyet ve raporları
505 _aAvcılar Belediyesi Ferit mevlüt Aslanoğlu Anma Gecesi: "Mevlüt Baba"
610 _aCHP
_xYerel yönetimler
_yProgramlar
610 _aCHP
_xİl ve ilçe teşkilatları
_yÇalışma raporları
_zAvcılar, İstanbul
610 _aCHP
_xYerel yönetimler
_yÇalışma raporları
_zAvcılar, İstanbul
740 _aFerit Mevlüt Aslanoğlu Anma Gecesi/Avcılar Belediyesi
740 _aMevlüt Baba/Avcılar Belediyesi
942 _2ddc
_cBKS
999 _c316
_d316